Aqidah Muslim.

Bibliographic Details
Main Author: Al Ghazali Muhammad
Format: Book
Published: Selangor:: Thinker's Library, 1997.
Subjects:
LEADER 00493cam a2200193 7i4500
001 0000046163
005 20151104090000.0
005 ##20151104160000.0
003 ##MY-KlINT
020 # # |a 9676902403  
039 # 9 |y 201511041600  |z VLOAD 
090 0 0 |a 297.2 ALG  
100 1 # |a Al Ghazali Muhammad 
245 0 0 |a Aqidah Muslim. 
260 # # |a Selangor::   |b Thinker's Library,   |c 1997. 
300 # # |a 356p;   |c 22cm. 
650 # 0 |a Islam-Customs and practices  
650 # 0 |a Islam-Doctrine  
650 # 0 |a Muslim-Conduct of life